Music Quiz

Random Music or Song Quiz
Score 0/14 Timer 06:00
0 Plays Today
Year Song Title % Correct
1979Hot Stuff
64.2%
1978Last Dance
59.2%
1979Bad Girls
50.4%
1983She Works Hard For The Money
49.2%
1975Love To Love You Baby
46.3%
1978MacArthur Park
43.7%
1977I Feel Love
37.5%
Year Song Title % Correct
1980On The Radio
36.1%
1979No More Tears (Enough Is Enough) (w/ Barbra Streisand
25.5%
1979Dim All The Lights
18.2%
1989This Time I Know Its For Real
15.9%
1979Heaven Knows (w/ Brooklyn Dreams)
15.7%
1980The Wanderer
10.7%
1982Love Is In Control (Finger on the Trigger)
9.4%
Remove Ads.
Support Sporcle.
Get the best of Sporcle when you Go Orange. This ad-free experience offers more features, more stats, and more fun while also helping to support Sporcle. Thank you for becoming a member.

You're not logged in!

Compare scores with friends on all Sporcle quizzes.
OR
Log In

Show Comments

Extras

Top Quizzes Today


Score Distribution

Your Account Isn't Verified!

In order to create a playlist on Sporcle, you need to verify the email address you used during registration. Go to your Sporcle Settings to finish the process.

Report this User

Report this user for behavior that violates our Community Guidelines.

Details: